[Event "Moscow-ch (Women)"]
[Site "Moscow"]
[Date "2017.04.07"]
[Round "7"]
[White "Esaulova, Marfa"]
[Black "Zakariadze, Irina"]
[Result "1-0"]
[WhiteElo "1826"]
[BlackElo "1883"]
[PlyCount "103"]
[EventDate "2017.04.01"]
[EventType "swiss"]
[EventRounds "9"]
[EventCountry "RUS"]
[SourceTitle "CBM 177 Extra"]
[Source "ChessBase"]
[SourceDate "2017.04.27"]
[SourceVersion "1"]
[SourceVersionDate "2017.04.27"]
[SourceQuality "1"]

1. c4 c5 2. Nf3 Nc6 3. Nc3 g6 4. g3 Bg7 5. Bg2 Nh6 6. 0-0 0-0 7. a3 Nf5 8. Rb1 d6 9. b4 b6 10. Nh4 Bb7 11. Nxf5 gxf5 12. b5 Na5 13. Bxb7 Nxb7 14. Bb2 e6 15. Qb3 Qg5 16. e3 Qg4 17. d3 h5 18. Qd1 Kh7 19. Kg2 Rg8 20. Qf3 Na5 21. Ne2 Bxb2 22. Rxb2 Qxf3+ 23. Kxf3 Nb7 24. Nf4 Kh6 25. h3 Rg7 26. Rh1 Kg5 27. Rbb1 Rh8 28. Rbg1 Kf6 29. Rg2 Na5 30. Rb1 Nb7 31. a4 Na5 32. Rf1 Rgg8 33. Ne2 Rd8 34. Nc3 d5 35. cxd5 exd5 36. d4 c4 37. g4 hxg4+ 38. hxg4 fxg4+ 39. Rxg4 Ke6 40. Rg5 f6 41. Rg7 Rh3+ 42. Kg2 Rh4 43. Rxa7 Rg8+ 44. Kf3 f5 45. Ra6 Rh3+ 46. Ke2 Rb8 47. Rg1 Rh6 48. Rg7 Rf6 49. Raa7 Rd8 50. Rge7+ Kd6 51. Re5 Rd7 52. Rxd5+ 1-0

[Event "Moscow op-B (Women)"]
[Site "Moscow"]
[Date "2016.01.30"]
[Round "1"]
[White "Protopopova, Anastasiya"]
[Black "Zakariadze, Irina"]
[Result "1-0"]
[WhiteElo "2181"]
[BlackElo "1853"]
[PlyCount "63"]
[EventDate "2016.01.30"]
[EventType "swiss"]
[EventRounds "9"]
[EventCountry "RUS"]
[SourceTitle "CBM 170 Extra"]
[Source "ChessBase"]
[SourceDate "2016.02.25"]
[SourceVersion "1"]
[SourceVersionDate "2016.02.25"]
[SourceQuality "1"]

1. Nf3 d5 2. d4 Bf5 3. c4 e6 4. Nc3 Nf6 5. Nh4 dxc4 6. Nxf5 exf5 7. e3 c6 8. Bxc4 Bd6 9. Qf3 g6 10. h3 h5 11. e4 fxe4 12. Nxe4 Bb4+ 13. Kf1 Be7 14. Bg5 Nbd7 15. Re1 0-0 16. Bh6 Re8 17. Ng5 Qa5 18. Bxf7+ Kh8 19. Qd3 Bf8 20. Bxe8 Bxh6 21. Bxd7 Qxg5 22. h4 Qd5 23. Qxg6 Bg7 24. Be6 Qxd4 25. Rh3 Qf4 26. Rg3 Qh6 27. Qxh6+ Bxh6 28. Bb3 Bf8 29. Rg6 Nd7 30. Be6 Nc5 31. Re5 Kh7 32. Bf7 1-0

[Event "Moscow op-B (Women)"]
[Site "Moscow"]
[Date "2015.02.02"]
[Round "3"]
[White "Shalukhina, Tatyana"]
[Black "Zakariadze, Irina"]
[Result "0-1"]
[WhiteElo "1993"]
[BlackElo "1704"]
[PlyCount "80"]
[EventDate "2015.01.31"]
[EventType "swiss"]
[EventRounds "9"]
[EventCountry "RUS"]
[SourceTitle "CBM 164 Extra"]
[Source "ChessBase"]
[SourceDate "2015.03.02"]
[SourceVersion "1"]
[SourceVersionDate "2015.03.02"]
[SourceQuality "1"]

1. e4 c5 2. Nf3 a6 3. d4 cxd4 4. Nxd4 Nf6 5. Nc3 d6 6. a4 g6 7. Be2 Bg7 8. Be3 Nbd7 9. f4 Qc7 10. h3 Nc5 11. Bf3 Bd7 12. 0-0 0-0 13. Qe1 Rac8 14. a5 e5 15. fxe5 dxe5 16. Nb3 Nxb3 17. cxb3 Bc6 18. b4 Nd7 19. Bg4 h5 20. Be2 Qd6 21. b5 axb5 22. Nxb5 Bxb5 23. Bxb5 Rfd8 24. Rd1 Qe7 25. b3 Nc5 26. Bc4 Ne6 27. Bd5 Rf8 28. Rf2 Nd4 29. Qf1 Rc7 30. Rc1 Rd7 31. Qc4 Ne6 32. Bb6 Kh7 33. Rcf1 Nf4 34. Bc5 Qg5 35. Rxf4 exf4 36. Bxf8 Bxf8 37. Bxf7 Bc5+ 38. Kh1 Rd2 39. Bg8+ Kh6 40. g4 fxg3 0-1

[Event "Moscow op-B (Women)"]
[Site "Moscow"]
[Date "2015.01.31"]
[Round "1"]
[White "Goltseva, Ekaterina"]
[Black "Zakariadze, Irina"]
[Result "1-0"]
[WhiteElo "2099"]
[BlackElo "1704"]
[PlyCount "115"]
[EventDate "2015.01.31"]
[EventType "swiss"]
[EventRounds "9"]
[EventCountry "RUS"]
[SourceTitle "CBM 164 Extra"]
[Source "ChessBase"]
[SourceDate "2015.03.02"]
[SourceVersion "1"]
[SourceVersionDate "2015.03.02"]
[SourceQuality "1"]

1. d4 c5 2. d5 e5 3. e4 d6 4. c4 Be7 5. g3 Bg5 6. Bg2 Bxc1 7. Qxc1 Nh6 8. Ne2 0-0 9. 0-0 Na6 10. Nbc3 Nc7 11. f4 f6 12. a3 Bd7 13. h3 b5 14. b3 bxc4 15. bxc4 Rb8 16. Rb1 Qe7 17. Rb2 Qe8 18. Qc2 Qh5 19. f5 Na6 20. Rfb1 Rxb2 21. Rxb2 Rb8 22. Rxb8+ Nxb8 23. Qb2 Qe8 24. Qb7 a6 25. Bf3 g6 26. g4 Nf7 27. Nc1 Qc8 28. Qb6 Qd8 29. Qa7 Kg7 30. Bd1 Qa5 31. N1e2 Qd8 32. Kg2 Qe8 33. Nc1 Kg8 34. Nd3 Kg7 35. Nb2 Qd8 36. Kf1 Qa5 37. Nb1 Qd8 38. h4 g5 39. h5 h6 40. Ke2 Qc8 41. Na4 Nd8 42. Qb6 Qb7 43. Qxd8 Qxb1 44. Nc3 Qb2+ 45. Kd3 Kf7 46. Qh8 Ke7 47. Qxh6 Qf2 48. Qg7+ Kd8 49. Qxf6+ Kc7 50. Qxg5 Qd4+ 51. Kc2 Qxc4 52. Qd2 Ba4+ 53. Kb2 Bxd1 54. Qxd1 Nd7 55. g5 Kd8 56. h6 Nf8 57. g6 Ke7 58. h7 1-0